00245nam a22000977a 4500020001800000082001600018245007400034260001000108300002000118563000900138 a9781521215005 a341.37bVIE aVienna Convention on the Law of the Treaties / cEditor J. Carnevalli c2017. a48 p. ;c23 cm. aPBK.